01188nam a2200325Ic 450000100060000000300100000600500170001600700030003300800410003602000180007704000350009504100080013008200190013810000380015724501380019525000220033326400390035530000650039433600270045933700330048633800280051950000330054752100380058065000420061865000320066065000590069265000400075165000370079170000340082860683CO-BoRNBP20260316214504.0ta180815s2017 ck a g 000 0 spa  a9789584254450 aCO-BoRNBPbspaerdacCO-BoRNBP aspa04a796.3342bS85f10aSumpter, David J. T.,d1973-eaut10aFútbol y matemáticas :baventuras matemáticas del deporte rey /cDavid Sumpter ; traducción de Francisco García Lorenzana. aPrimera edición 1aBogotá, Colombia :bAriel,c2017 a327 páginas :bilustraciones, gráficos en blanco y negro atextobtxt2rdacontent asin mediaciónbn2rdamedia avolumenbnc2rdacarrier aIncluye índice analítico aRecomendado para público adulto17aFútbolvModelos matemáticos2lemb17aFútbolvReglamentos2lemb17aFútbolxEstrategia y técnicaxEstadísticas2lemb17aFútbolxTemas, motivos, etc2lemb17aMatemáticasxEnseñanza2lemb10aGarcía Lorenzana, Francisco